LEGO Marvel Sets by Picture - Statistics

General Stats
  • This quiz has been taken 64 times
  • The average score is 10 of 16
Answer Stats
Picture Answer % Correct
The Amazing Spider-Man
96%
Avengers Tower
86%
Iron Man MK5 Figure
84%
Captain America's Shield
80%
Daily Bugle
74%
Infinity Gauntlet
74%
Potted Groot
74%
Rocket and Baby Groot
72%
Wolverine's Adamantium Claws
72%
Nano Gauntlet
58%
Sanctum Sanctorum
56%
Advent Calendar
38%
Spider Man's Mask
36%
The Avengers Assemble: Age of Ultron
34%
Guardians of the Galaxy: The Milano
32%
Spider-Man Final Battle
28%
No matching quizzes found
Score Distribution
Percent of People with Each Score
Percentile by Number Answered
Your Score History
You have not taken this quiz